000 00766nam a22002777a 4500
003 UA-OsUOA
001 28104
007 ta
008 20040924b un ||||| |||| 00| 0 ukr d
100 _aСоколова М. А.
700 _aАфонская И. А.
700 _aКовалева Л. Б.
090 _a8'342-111
_bТ33
942 _cBK
040 _aUA-OsUOA
_brus
_cUA-OsUOA
_dUA-OsUOA
245 _aТеоретическая фонетика английского языка
_bпрактикум
300 _a192 с.
955 _a0
041 _arus
080 _a8'342-111
020 _a5-94297-020-3
260 _aМосква
_bООО "Профобразование"
_c2001
044 _aRU
650 7 _2UDC
999 _c314462
_d314462